00604 2200217 4500001002100000005001700021008004100038020002200079035002400101040001200125082001100137090001800148100001900166245009700185250000600282260003800288300001900326504001200345650001700357850001200374YOGYA-0411000000103320110412131912.0 ind  a978-602-8764-99-5 0010-041100000001033 aYOPDYOG a320.54 a320.54bFud M aFudyartanta,Ki aMembangun kepribadian dan watak bangsa Indonesia yang harmonis dan integral / Ki Fudyartanta a1 aYogjakartabPustaka Pelajarc2010 a440 hlmc23 cm a439-440 aNasionalisme aYOPDYOG